[Event "VI Memorial Nicola Palladino B"]
[Site "Milano ITA"]
[Date "2014.04.19"]
[Round "4"]
[White "Cagnotto, Marco"]
[Black "Mazzoccoli, Simone"]
[WhiteElo "1546"]
[BlackElo "1761"]
[Result "0-1"]
[PlyCount "120"]
[EventDate "2014.04.17"]

1. e4 c5 2. Nc3 Nc6 3. g3 g6 4. Bg2 Bg7 5. d3 d6 6. Nge2 e6 7. O-O Nge7 8. Be3
Nd4 9. Bf4 O-O 10. Nxd4 cxd4 11. Ne2 Qb6 12. Rb1 Bd7 13. Qd2 Rac8 14. Rfc1 e5
15. Bh6 Be6 16. Bxg7 Kxg7 17. b3 Rc6 18. c3 dxc3 19. Rxc3 Rfc8 20. Rbc1 Qb4 21.
Qb2 Bg4 22. f3 Be6 23. Rxc6 Rxc6 24. Rxc6 Nxc6 25. Qc3 Qb6+ 26. Kf1 Qe3 27. a3
a5 28. Nf4 Bxb3 29. Qxb3 exf4 30. gxf4 Qxf4 31. Qxb7 Qc1+ 32. Kf2 Qd2+ 33. Kg3
Qg5+ 34. Kf2 Qh4+ 35. Kf1 Ne5 36. d4 Nd3 37. Ke2 Nf4+ 38. Kf1 Qxh2 39. Qb2
Qxg2+ 40. Qxg2 Nxg2 41. Kxg2 Kf6 42. Kg3 Ke6 43. Kf4 h6 44. Kg4 Kf6 45. Kf4 h5
46. Kg3 d5 47. a4 g5 48. Kh3 Ke6 49. Kg3 dxe4 50. fxe4 f5 51. e5 f4+ 52. Kf3
Kf5 53. Kf2 h4 54. Kg2 g4 55. Kg1 f3 56. Kf2 Ke6 57. Kg1 g3 58. Kf1 h3 59. Kg1
f2+ 60. Kf1 h2 0-1

[Event "VI Memorial Nicola Palladino B"]
[Site "Milano ITA"]
[Date "2014.04.19"]
[Round "4"]
[White "Carli, Federico"]
[Black "Colonetti, Fabio"]
[WhiteElo "1572"]
[BlackElo "1521"]
[Result "1/2-1/2"]
[PlyCount "32"]
[EventDate "2014.04.17"]

1. e4 Nf6 2. e5 Nd5 3. d4 d6 4. c4 Nb6 5. exd6 cxd6 6. Nc3 g6 7. Nf3 Bg7 8. Be2
O-O 9. O-O Nc6 10. Be3 Bg4 11. b3 d5 12. c5 Nc8 13. h3 Bxf3 14. Bxf3 e6 15. Qd2
N8e7 16. Ne2 Qa5 1/2-1/2

[Event "VI Memorial Nicola Palladino B"]
[Site "Milano ITA"]
[Date "2014.04.19"]
[Round "4"]
[White "Delle Fave, Fabio"]
[Black "Carbone, Lorenzo"]
[WhiteElo "1777"]
[BlackElo "1651"]
[Result "1-0"]
[PlyCount "57"]
[EventDate "2014.04.17"]

1. e4 c5 2. Nf3 d6 3. d4 cxd4 4. Nxd4 Nf6 5. Bd3 e6 6. c4 Be7 7. Nc3 a6 8. Be3
Qc7 9. Rc1 Bd7 10. O-O Nc6 11. Qe2 Rc8 12. b3 O-O 13. Rfd1 Qa5 14. Nxc6 Bxc6
15. f3 h6 16. Qd2 Nh7 17. Nd5 Qd8 18. Bb6 Qd7 19. Nxe7+ Qxe7 20. Bb1 Be8 21.
Qxd6 Qxd6 22. Rxd6 Bc6 23. Rcd1 Nf6 24. e5 Nh7 25. Kf2 Rfe8 26. Ke3 f5 27. exf6
Nxf6 28. Bg6 Re7 29. Rd8+ 1-0

[Event "VI Memorial Nicola Palladino B"]
[Site "Milano ITA"]
[Date "2014.04.19"]
[Round "4"]
[White "Fantina, Carla"]
[Black "Verderame, Alberto"]
[WhiteElo "1435"]
[BlackElo "1485"]
[Result "1-0"]
[PlyCount "87"]
[EventDate "2014.04.17"]

1. c4 c6 2. Nc3 Nf6 3. g3 d5 4. cxd5 cxd5 5. d4 Bf5 6. Bg2 e6 7. a3 Nbd7 8. h3
Bd6 9. g4 Bg6 10. Nf3 Qc7 11. Nb5 Qa5+ 12. Nc3 Ne4 13. Bd2 Nxd2 14. Nxd2 O-O
15. O-O Nb6 16. e4 Nc4 17. Nxc4 dxc4 18. e5 Be7 19. b4 Qc7 20. Ne4 Rac8 21. Rc1
a5 22. Qa4 axb4 23. axb4 Ra8 24. Qb5 Bxe4 25. Bxe4 c3 26. Rc2 f5 27. gxf5 exf5
28. Bd5+ Kh8 29. f4 Ra6 30. Qxb7 Rg6+ 31. Kh1 Qxb7 32. Bxb7 Bxb4 33. Bg2 Rg3
34. d5 Rd3 35. d6 Rd2 36. Rf2 Rxf2 37. Rxf2 Ba5 38. Rc2 Rb8 39. e6 Re8 40. e7
g6 41. Bd5 Kg7 42. Bc6 Rb8 43. e8=Q Rxe8 44. Bxe8 1-0

[Event "VI Memorial Nicola Palladino B"]
[Site "Milano ITA"]
[Date "2014.04.19"]
[Round "4"]
[White "Mapelli, Davide"]
[Black "Pollio, Ciro"]
[WhiteElo "1485"]
[BlackElo "1773"]
[Result "1/2-1/2"]
[PlyCount "57"]
[EventDate "2014.04.17"]

1. e4 c5 2. Nc3 Nc6 3. Bb5 a6 4. Bxc6 dxc6 5. d3 b5 6. Nce2 Nf6 7. Ng3 g6 8.
Be3 Qd6 9. Nf3 Ng4 10. Bd2 b4 11. h3 Ne5 12. O-O Bg7 13. Bf4 Nxf3+ 14. Qxf3 Qd4
15. Rfb1 O-O 16. Be3 Qd6 17. Qe2 Be6 18. Qd2 Rfe8 19. Bf4 Qd7 20. Be3 Qd6 21.
Bf4 Qd8 22. a3 a5 23. Be3 Qb6 24. c3 Qb5 25. a4 Qb6 26. c4 Rad8 27. Rc1 Rd7 28.
Qe2 Red8 29. Rd1 1/2-1/2

[Event "VI Memorial Nicola Palladino B"]
[Site "Milano ITA"]
[Date "2014.04.19"]
[Round "4"]
[White "Milano, Maria"]
[Black "Nassiri, Shair"]
[WhiteElo "1599"]
[BlackElo "1512"]
[Result "0-1"]
[PlyCount "88"]
[EventDate "2014.04.17"]

1. d4 d5 2. Nf3 Nf6 3. c4 e6 4. Qc2 Nbd7 5. g3 c6 6. Bg2 Bd6 7. O-O e5 8. dxe5
Nxe5 9. Nxe5 Bxe5 10. Rd1 O-O 11. Bg5 Qb6 12. Nc3 dxc4 13. Be3 Qc7 14. Bd4 Be6
15. Ne4 Nxe4 16. Bxe4 f5 17. Bg2 f4 18. Be4 h6 19. Bxe5 Qxe5 20. Rd2 Rad8 21.
Rad1 Rxd2 22. Rxd2 fxg3 23. hxg3 Kh8 24. Bg2 Qf5 25. Qxf5 Bxf5 26. Rd4 Be6 27.
e3 g6 28. Rd6 Re8 29. Bf1 Kg7 30. Rd4 c5 31. Re4 b5 32. Re5 a6 33. Rxc5 Rc8 34.
Rxc8 Bxc8 35. a3 Kf6 36. Bg2 Ke5 37. Kf1 Be6 38. Ke2 Bd5 39. Bxd5 Kxd5 40. Kd2
a5 41. f3 h5 42. Kc3 g5 43. Kd2 b4 44. a4 h4 0-1

[Event "VI Memorial Nicola Palladino B"]
[Site "Milano ITA"]
[Date "2014.04.19"]
[Round "4"]
[White "Pasini, Nicolo'"]
[Black "Greco, Giovanni"]
[WhiteElo "1488"]
[BlackElo "1433"]
[Result "1-0"]
[PlyCount "71"]
[EventDate "2014.04.17"]

1. e4 e5 2. Nf3 Nc6 3. Bb5 a6 4. Ba4 Nf6 5. O-O b5 6. Bb3 Be7 7. Re1 O-O 8. c3
d6 9. h3 h6 10. d4 exd4 11. cxd4 Bb7 12. Nbd2 Re8 13. Nf1 Bf8 14. Ng3 Na5 15.
Bc2 g6 16. h4 h5 17. Bg5 Bg7 18. b3 Bc8 19. Qe2 Qd7 20. Qd2 Nb7 21. Rad1 Qc6
22. e5 Nh7 23. d5 Qd7 24. e6 fxe6 25. dxe6 Rxe6 26. Rxe6 Qxe6 27. Re1 Qf7 28.
Re7 Qf8 29. Bxg6 Nxg5 30. Re8 Qxe8 31. Bxe8 Nxf3+ 32. gxf3 Be6 33. Bxh5 Kf8 34.
Bg6 Bf7 35. Qg5 Nd8 36. h5 1-0

[Event "VI Memorial Nicola Palladino B"]
[Site "Milano ITA"]
[Date "2014.04.19"]
[Round "4"]
[White "Pipitone, Filippo Massimo"]
[Black "Izzo, Riccardo"]
[WhiteElo "1546"]
[BlackElo "1600"]
[Result "0-1"]
[PlyCount "106"]
[EventDate "2014.04.17"]

1. d4 d5 2. Nf3 Nf6 3. e3 Bg4 4. c4 e6 5. Qb3 Qc8 6. Ne5 Bf5 7. Be2 Bd6 8. f4
c6 9. Nc3 Bxe5 10. fxe5 Ne4 11. O-O Nd7 12. Nxe4 Bxe4 13. Bd2 dxc4 14. Bxc4 Nb6
15. Be2 Qd7 16. Bb4 Qd5 17. Bf3 Qxb3 18. axb3 Nd5 19. Bd2 Bd3 20. Rf2 O-O 21.
e4 Nc7 22. Be3 a6 23. Rd2 Bb5 24. d5 exd5 25. exd5 cxd5 26. Bb6 Rac8 27. Bxc7
Rxc7 28. Rxd5 Rc2 29. Rb1 Re8 30. Rbd1 Rxb2 31. Rd8 Kf8 32. Bxb7 Rxb3 33. Rxe8+
Kxe8 34. Ra1 Re3 35. Bxa6 Bxa6 36. Rxa6 Rxe5 37. Kf2 Ke7 38. h3 Re6 39. Ra7+
Kf6 40. Kf3 Rb6 41. Ra3 h5 42. g3 g5 43. Re3 Kg6 44. Rd3 Rf6+ 45. Kg2 Re6 46.
Kf3 f5 47. Rd4 Rc6 48. Rb4 Kf6 49. Rb5 g4+ 50. hxg4 hxg4+ 51. Kf2 Rc2+ 52. Ke3
Rc3+ 53. Kf4 Rf3# 0-1

[Event "VI Memorial Nicola Palladino B"]
[Site "Milano ITA"]
[Date "2014.04.19"]
[Round "4"]
[White "Pirrello, Christian"]
[Black "Invernizzi, Ferruccio"]
[WhiteElo "1662"]
[BlackElo "1650"]
[Result "1/2-1/2"]
[PlyCount "89"]
[EventDate "2014.04.17"]

1. d4 d6 2. c4 e5 3. dxe5 dxe5 4. Qxd8+ Kxd8 5. a3 Nc6 6. e3 Bf5 7. Nf3 f6 8.
Be2 Kd7 9. O-O Rd8 10. Rd1+ Kc8 11. Rxd8+ Kxd8 12. b4 Nge7 13. Bb2 Ng6 14. Nc3
Be7 15. Rd1+ Kc8 16. Kf1 Rd8 17. Ke1 Rxd1+ 18. Kxd1 a6 19. Kd2 Bf8 20. Bd3 Bxd3
21. Kxd3 Kd7 22. Nd5 Nce7 23. Nxe7 Nxe7 24. Nd2 Ke6 25. Ne4 b6 26. c5 Nd5 27.
cxb6 cxb6 28. Nc3 Nxc3 29. Bxc3 f5 30. f3 b5 31. e4 g6 32. Bd2 Bd6 33. Be3 Bc7
34. h3 h5 35. Ke2 a5 36. Kf2 axb4 37. axb4 Bd6 38. Bd2 Kf6 39. g4 f4 40. gxh5
gxh5 41. h4 Ke6 42. Ke2 Be7 43. Be1 Kd6 44. Kd3 Kc6 45. Kc3 1/2-1/2

[Event "VI Memorial Nicola Palladino B"]
[Site "Milano ITA"]
[Date "2014.04.19"]
[Round "4"]
[White "Poletto, Daniele"]
[Black "Botta, Massimiliano"]
[WhiteElo "1765"]
[BlackElo "1727"]
[Result "1-0"]
[PlyCount "51"]
[EventDate "2014.04.17"]

1. c4 e5 2. Nc3 Nc6 3. g3 f5 4. Bg2 Nf6 5. d3 d6 6. e4 Be7 7. Nge2 Be6 8. b3
Qd7 9. Nd5 O-O-O 10. Bd2 fxe4 11. dxe4 Bh3 12. O-O Bxg2 13. Kxg2 Nxe4 14. b4
Bg5 15. f4 exf4 16. Bxf4 Rhf8 17. b5 Ne5 18. Qd4 Bxf4 19. Qxa7 Qg4 20. Nexf4 g5
21. Qa8+ Kd7 22. Qxb7 Rf7 23. Ne3 gxf4 24. Nxg4 Nxg4 25. Qxe4 Ne3+ 26. Qxe3 1-0

[Event "VI Memorial Nicola Palladino B"]
[Site "Milano ITA"]
[Date "2014.04.19"]
[Round "4"]
[White "Romagnoli, Thomas"]
[Black "Taccani Stella, Alberto"]
[WhiteElo "1732"]
[BlackElo "1362"]
[Result "1-0"]
[PlyCount "23"]
[EventDate "2014.04.17"]

1. e4 e5 2. Nf3 d6 3. d4 Nc6 4. Nc3 Nf6 5. dxe5 dxe5 6. Qxd8+ Kxd8 7. Bg5 Bb4
8. O-O-O+ Ke8 9. Nd5 Nxd5 10. exd5 e4 11. dxc6 exf3 12. Rd8# 1-0

[Event "VI Memorial Nicola Palladino B"]
[Site "Milano ITA"]
[Date "2014.04.20"]
[Round "5"]
[White "Carbone, Lorenzo"]
[Black "Poletto, Daniele"]
[WhiteElo "1651"]
[BlackElo "1765"]
[Result "1/2-1/2"]
[PlyCount "20"]
[EventDate "2014.04.17"]

1. e4 c5 2. Nf3 e6 3. d4 cxd4 4. Nxd4 a6 5. c4 Nf6 6. Nc3 Qc7 7. Be3 Nc6 8. a3
d6 9. Be2 Be7 10. O-O O-O 1/2-1/2

[Event "VI Memorial Nicola Palladino B"]
[Site "Milano ITA"]
[Date "2014.04.20"]
[Round "5"]
[White "Invernizzi, Ferruccio"]
[Black "Mapelli, Davide"]
[WhiteElo "1650"]
[BlackElo "1485"]
[Result "1-0"]
[PlyCount "71"]
[EventDate "2014.04.17"]

1. e4 e6 2. d4 d5 3. exd5 exd5 4. Bd3 Nc6 5. Nf3 Bg4 6. Be2 Nf6 7. Bg5 Be7 8.
O-O Qd7 9. c3 h6 10. Bh4 g5 11. Bg3 O-O-O 12. Ne5 Nxe5 13. Bxe5 Bxe2 14. Qxe2
Rde8 15. Qf3 Qc6 16. Nd2 Rh7 17. Bxf6 Qxf6 18. Qxd5 Qg6 19. Nf3 g4 20. Ne5 Qf5
21. Rae1 f6 22. Qb5 c6 23. Qd3 Qxd3 24. Nxd3 f5 25. Re5 Rf8 26. Rfe1 Rff7 27.
Nf4 Bd6 28. Re8+ Kd7 29. Nd3 Be7 30. Ra8 a6 31. Ne5+ Kc7 32. Nxf7 Rxf7 33. Rh8
Kd6 34. Rxh6+ Kd5 35. b3 c5 36. Re5# 1-0

[Event "VI Memorial Nicola Palladino B"]
[Site "Milano ITA"]
[Date "2014.04.20"]
[Round "5"]
[White "Izzo, Riccardo"]
[Black "Baronio, Gaia"]
[WhiteElo "1600"]
[BlackElo "1636"]
[Result "1/2-1/2"]
[PlyCount "54"]
[EventDate "2014.04.17"]

1. d4 d5 2. Bf4 Nf6 3. e3 Bf5 4. Bd3 Bxd3 5. Qxd3 e6 6. Nf3 c6 7. O-O Be7 8. c4
O-O 9. Nc3 Nbd7 10. c5 Re8 11. h3 h6 12. b4 Qc8 13. b5 b6 14. cxb6 Nxb6 15.
bxc6 Qxc6 16. Ne5 Qb7 17. Rab1 Nfd7 18. Na4 Nxe5 19. Bxe5 Qc6 20. Nxb6 axb6 21.
Rfc1 Qa4 22. Qb5 Qxb5 23. Rxb5 Rxa2 24. Rxb6 Rea8 25. Rcb1 Ra1 26. Kf1 Rxb1+
27. Rxb1 g6 1/2-1/2

[Event "VI Memorial Nicola Palladino B"]
[Site "Milano ITA"]
[Date "2014.04.20"]
[Round "5"]
[White "Mazzoccoli, Simone"]
[Black "Delle Fave, Fabio"]
[WhiteElo "1761"]
[BlackElo "1777"]
[Result "1-0"]
[PlyCount "69"]
[EventDate "2014.04.17"]

1. e4 c6 2. d4 d5 3. exd5 cxd5 4. c4 Nf6 5. Nc3 e6 6. Nf3 Nc6 7. Bd3 h6 8. O-O
b6 9. Re1 Be7 10. a3 O-O 11. b4 dxc4 12. Bxc4 Bb7 13. Bb3 Rc8 14. Bb2 Re8 15.
d5 exd5 16. Nxd5 Nxd5 17. Bxd5 Qd6 18. Qb3 Qf4 19. Rad1 Bf8 20. g3 Rxe1+ 21.
Nxe1 Qf5 22. Bxf7+ Qxf7 23. Qxf7+ Kxf7 24. Rd7+ Kg6 25. Rxb7 Rd8 26. Nf3 Rd1+
27. Kg2 Rb1 28. Ne5+ Nxe5 29. Bxe5 Re1 30. f4 Re2+ 31. Kh3 a5 32. Rxb6+ Kh7 33.
Rb8 axb4 34. Rxf8 bxa3 35. Ra8 1-0

[Event "VI Memorial Nicola Palladino B"]
[Site "Milano ITA"]
[Date "2014.04.20"]
[Round "5"]
[White "Nassiri, Shair"]
[Black "Brambilla, Luca Massimo"]
[WhiteElo "1512"]
[BlackElo "1726"]
[Result "0-1"]
[PlyCount "86"]
[EventDate "2014.04.17"]

1. d4 Nf6 2. c4 e6 3. Nf3 Bb4+ 4. Nbd2 O-O 5. a3 Bxd2+ 6. Bxd2 Ne4 7. Qc2 f5 8.
e3 b6 9. Rd1 d6 10. Bc3 Nd7 11. Bd3 Ndf6 12. O-O g5 13. Nd2 Nxc3 14. Qxc3 Nh5
15. c5 Bb7 16. c6 Bc8 17. f4 gxf4 18. Be2 fxe3 19. Qxe3 Nf6 20. Rf3 Kh8 21. Rg3
Nd5 22. Qh6 Qf6 23. Qh5 Qxd4+ 24. Kh1 Qf6 25. Rf1 Qf7 26. Qh3 e5 27. Bc4 Be6
28. Ne4 fxe4 29. Rxf7 Bxh3 30. Bxd5 Rxf7 31. Bxf7 Rf8 32. Bc4 Bf5 33. Kg1 Bg6
34. Re3 Kg7 35. b4 Kh6 36. a4 Kg5 37. a5 bxa5 38. bxa5 Rb8 39. Kf2 Rb4 40. Rc3
Ra4 41. a6 Ra5 42. Ke3 d5 43. Bxd5 Rxd5 0-1

[Event "VI Memorial Nicola Palladino B"]
[Site "Milano ITA"]
[Date "2014.04.20"]
[Round "5"]
[White "Pipitone, Filippo Massimo"]
[Black "Carli, Federico"]
[WhiteElo "1546"]
[BlackElo "1572"]
[Result "1/2-1/2"]
[PlyCount "55"]
[EventDate "2014.04.17"]

1. d4 d5 2. Nf3 Nf6 3. e3 Bg4 4. c4 c6 5. Qb3 Qd7 6. Ne5 Qc8 7. Nxg4 Nxg4 8. h3
Nf6 9. Bd3 e6 10. O-O Bd6 11. Nc3 a6 12. Bd2 O-O 13. Rac1 Qd7 14. Rfe1 dxc4 15.
Bxc4 Nd5 16. Ne4 Be7 17. a3 h6 18. Qd1 Qd8 19. Bb3 Nd7 20. Qf3 Qb6 21. Bxd5
cxd5 22. Ng3 Rac8 23. Bc3 Nf6 24. Qd1 Rc6 25. Kh1 Rfc8 26. Qd3 Qb3 27. Ra1 b5
28. Qd2 1/2-1/2

[Event "VI Memorial Nicola Palladino B"]
[Site "Milano ITA"]
[Date "2014.04.20"]
[Round "5"]
[White "Pollio, Ciro"]
[Black "Pasini, Nicolo'"]
[WhiteElo "1773"]
[BlackElo "1488"]
[Result "1-0"]
[PlyCount "69"]
[EventDate "2014.04.17"]

1. d4 Nf6 2. c4 g6 3. Nc3 d5 4. Bf4 Bg7 5. e3 c5 6. dxc5 Qa5 7. Rc1 Ne4 8. cxd5
Nxc3 9. Qd2 Qxc5 10. bxc3 Bf5 11. Nf3 Nd7 12. Be2 Nb6 13. c4 Rc8 14. O-O O-O
15. Be5 Bxe5 16. Nxe5 Qd6 17. Qd4 f6 18. Nf3 Rc5 19. Nd2 e5 20. dxe6 Qxd4 21.
exd4 Ra5 22. c5 Nd5 23. Bc4 Bxe6 24. Rfe1 Bf7 25. Ne4 Nb4 26. Bxf7+ Rxf7 27.
Nd6 Rd7 28. Re2 Nd5 29. g3 Kg7 30. Kf1 Ra4 31. Rc4 Rxc4 32. Nxc4 b6 33. Nd6
bxc5 34. dxc5 Kh6 35. Rd2 1-0

[Event "VI Memorial Nicola Palladino B"]
[Site "Milano ITA"]
[Date "2014.04.20"]
[Round "5"]
[White "Romagnoli, Thomas"]
[Black "Cagnotto, Marco"]
[WhiteElo "1732"]
[BlackElo "1546"]
[Result "1-0"]
[PlyCount "67"]
[EventDate "2014.04.17"]

1. e4 c5 2. Nf3 Nc6 3. d4 cxd4 4. Nxd4 g6 5. Be3 Bg7 6. Qd2 d6 7. Nc3 Nf6 8. f3
O-O 9. Bc4 Bd7 10. O-O-O a6 11. h4 b5 12. Bb3 Na5 13. Bh6 Nxb3+ 14. Nxb3 b4 15.
Ne2 a5 16. Nbd4 Rb8 17. Bxg7 Kxg7 18. g4 a4 19. Kb1 Qb6 20. h5 b3 21. cxb3 axb3
22. Nxb3 Be6 23. Nec1 Kg8 24. Rh2 Nd7 25. hxg6 fxg6 26. Rxh7 Kxh7 27. Rh1+ Kg8
28. Qh6 Kf7 29. Qh7+ Ke8 30. Qxg6+ Bf7 31. Qg7 Nc5 32. Nxc5 Qxc5 33. Rh8 Bxa2+
34. Nxa2 1-0

[Event "VI Memorial Nicola Palladino B"]
[Site "Milano ITA"]
[Date "2014.04.20"]
[Round "5"]
[White "Verderame, Alberto"]
[Black "Greco, Giovanni"]
[WhiteElo "1485"]
[BlackElo "1433"]
[Result "0-1"]
[PlyCount "64"]
[EventDate "2014.04.17"]

1. Nf3 Nc6 2. d4 d5 3. c3 Nf6 4. Nbd2 g6 5. b3 Bg7 6. Bb2 O-O 7. e3 Re8 8. Bd3
e5 9. dxe5 Nxe5 10. Nxe5 Rxe5 11. O-O Re8 12. Rb1 c6 13. Nf3 Bg4 14. Be2 Bxf3
15. Bxf3 Qc7 16. b4 Rad8 17. a4 a6 18. Qc2 Nd7 19. c4 Ne5 20. Bxe5 Qxe5 21. Qb3
dxc4 22. Qxc4 Rd6 23. b5 Qc3 24. Qxc3 Bxc3 25. bxc6 bxc6 26. Rbc1 Be5 27. Bxc6
Rc8 28. Bb7 Rb8 29. Bxa6 Rxa6 30. Rc4 Rba8 31. f4 Bf6 32. f5 Rxa4 0-1

[Event "VI Memorial Nicola Palladino B"]
[Site "Milano ITA"]
[Date "2014.04.21"]
[Round "6"]
[White "Botta, Massimiliano"]
[Black "Mapelli, Davide"]
[WhiteElo "1727"]
[BlackElo "1485"]
[Result "1-0"]
[PlyCount "93"]
[EventDate "2014.04.17"]

1. e4 e5 2. Nf3 Nc6 3. Bc4 Bc5 4. c3 d6 5. d4 Bb6 6. O-O Bg4 7. d5 Nce7 8. a4
a5 9. Nbd2 Nf6 10. Bd3 c6 11. dxc6 bxc6 12. Nc4 Bc7 13. Qc2 Bxf3 14. gxf3 Ng6
15. Kh1 Qd7 16. Rg1 Nh5 17. Bf1 Qe7 18. Ne3 Nh4 19. Qd1 g6 20. Ng2 f5 21. Qe2
f4 22. Nxh4 Qxh4 23. Rg4 Qe7 24. Qc4 Qd7 25. Bh3 d5 26. Qf1 Qe7 27. Rg1 g5 28.
b3 h6 29. Ba3 Qf7 30. Rd1 Nf6 31. Bf5 Rg8 32. c4 d4 33. Rc1 Bd8 34. Qe1 Rb8 35.
b4 Ra8 36. b5 Be7 37. Bxe7 Qxe7 38. c5 cxb5 39. axb5 Rb8 40. c6 Qc7 41. Qe2 Rb6
42. Qc4 Kf8 43. Ra1 Rb8 44. Rgb1 Ne8 45. b6 Rxb6 46. Qc5+ Kf7 47. Qxb6 1-0

[Event "VI Memorial Nicola Palladino B"]
[Site "Milano ITA"]
[Date "2014.04.21"]
[Round "6"]
[White "Brambilla, Luca Massimo"]
[Black "Mazzoccoli, Simone"]
[WhiteElo "1726"]
[BlackElo "1761"]
[Result "1-0"]
[PlyCount "63"]
[EventDate "2014.04.17"]

1. d4 Nf6 2. c4 g6 3. Nc3 Bg7 4. Nf3 d6 5. e4 O-O 6. Be2 Nbd7 7. Be3 c5 8. d5
Ng4 9. Bg5 h6 10. Bh4 Ngf6 11. O-O Rb8 12. Nd2 a6 13. a4 b6 14. f4 Ne8 15. Nf3
Bf6 16. Bxf6 exf6 17. Qe1 Nc7 18. Qg3 Qe7 19. Bd3 Re8 20. Rae1 Kg7 21. Re3 Nf8
22. Rfe1 Bd7 23. e5 f5 24. Nh4 Kh7 25. Qh3 Rbc8 26. Nxf5 Bxf5 27. Bxf5 gxf5 28.
Qxf5+ Kg7 29. exd6 Qxd6 30. Ne4 Qe7 31. Ng3 Qh4 32. Qxc8 1-0

[Event "VI Memorial Nicola Palladino B"]
[Site "Milano ITA"]
[Date "2014.04.21"]
[Round "6"]
[White "Cagnotto, Marco"]
[Black "Invernizzi, Ferruccio"]
[WhiteElo "1546"]
[BlackElo "1650"]
[Result "1/2-1/2"]
[PlyCount "84"]
[EventDate "2014.04.17"]

1. e4 d6 2. d4 Nf6 3. Nc3 g6 4. f4 Bg7 5. Nf3 O-O 6. Be3 c6 7. Bd3 Nbd7 8. Qd2
b5 9. h3 Re8 10. g4 Nf8 11. g5 Nh5 12. Qh2 b4 13. Ne2 c5 14. Qf2 a5 15. Ng3
Nxg3 16. Qxg3 Ba6 17. h4 c4 18. Be2 c3 19. b3 Bxe2 20. Kxe2 Qd7 21. h5 Qc6 22.
d5 Qb5+ 23. Kf2 e5 24. f5 a4 25. f6 Bh8 26. hxg6 fxg6 27. Qg2 axb3 28. axb3 Ra6
29. Qf1 Qxf1+ 30. Rhxf1 Rea8 31. Rxa6 Rxa6 32. Rc1 Kf7 33. Ke2 h6 34. Rh1 h5
35. Kd3 Ra8 36. Kc4 Rb8 37. Ra1 Bxf6 38. gxf6 Kxf6 39. Bg5+ Kf7 40. Ra7+ Kg8
41. Ra4 Nh7 42. Rxb4 Rf8 1/2-1/2

[Event "VI Memorial Nicola Palladino B"]
[Site "Milano ITA"]
[Date "2014.04.21"]
[Round "6"]
[White "Colonetti, Fabio"]
[Black "Carbone, Lorenzo"]
[WhiteElo "1521"]
[BlackElo "1651"]
[Result "1/2-1/2"]
[PlyCount "63"]
[EventDate "2014.04.17"]

1. d4 d5 2. e3 e6 3. Bd3 Nf6 4. f4 Be7 5. Nf3 Nbd7 6. O-O Ne4 7. Nbd2 Ndf6 8.
Ne5 Nxd2 9. Bxd2 O-O 10. Rf3 b6 11. Rh3 a5 12. g4 g6 13. g5 Ne4 14. Bxe4 dxe4
15. Qg4 Kg7 16. Qh4 Rh8 17. Bc3 Bb4 18. Nc6 Qf8 19. d5+ Bxc3 20. bxc3 exd5 21.
Qh6+ Kg8 22. Qxf8+ Kxf8 23. Rh6 Kg7 24. Rd1 Bb7 25. Ne5 Raf8 26. Ng4 Bc8 27. h3
Be6 28. Nf6 c6 29. a3 b5 30. Rd4 Rd8 31. Kg2 Rd6 32. Nxe4 1/2-1/2

[Event "VI Memorial Nicola Palladino B"]
[Site "Milano ITA"]
[Date "2014.04.21"]
[Round "6"]
[White "Delle Fave, Fabio"]
[Black "Baronio, Gaia"]
[WhiteElo "1777"]
[BlackElo "1636"]
[Result "1-0"]
[PlyCount "49"]
[EventDate "2014.04.17"]

1. e4 c6 2. d4 d5 3. Nc3 dxe4 4. Nxe4 Bf5 5. Ng3 Bg6 6. Nf3 Nd7 7. Bd3 Bxd3 8.
Qxd3 e6 9. Bf4 Ngf6 10. O-O Be7 11. c4 O-O 12. Rfd1 Qb6 13. b3 a5 14. Qc2 Rac8
15. Rd2 Rfd8 16. Rad1 h6 17. h3 Qa7 18. Rd3 Qa6 19. Qe2 Bf8 20. Ne5 Be7 21. Nh5
Nxh5 22. Qxh5 Nxe5 23. Bxe5 Bf8 24. Rg3 g6 25. Rxg6+ 1-0

[Event "VI Memorial Nicola Palladino B"]
[Site "Milano ITA"]
[Date "2014.04.21"]
[Round "6"]
[White "Greco, Giovanni"]
[Black "Pipitone, Filippo Massimo"]
[WhiteElo "1433"]
[BlackElo "1546"]
[Result "1/2-1/2"]
[PlyCount "100"]
[EventDate "2014.04.17"]

1. d4 d5 2. c4 e6 3. Nc3 Nf6 4. Bg5 Be7 5. Nf3 O-O 6. e3 h6 7. Bh4 b6 8. Be2
Bb7 9. O-O Nbd7 10. Qb3 c5 11. cxd5 exd5 12. dxc5 Nxc5 13. Qc2 Rc8 14. Qf5 a6
15. Qc2 Qc7 16. Rac1 Rfe8 17. Rfd1 Red8 18. Nd4 Nfe4 19. Bxe7 Qxe7 20. Bf3 b5
21. Qe2 Nxc3 22. Rxc3 Na4 23. Rxc8 Rxc8 24. Qd2 Qc5 25. b3 Nb6 26. Ne2 Qc2 27.
Qxc2 Rxc2 28. Ra1 Nd7 29. Nd4 Rc3 30. a4 b4 31. Be2 a5 32. Kf1 Ne5 33. Rd1 Nc6
34. Nxc6 Bxc6 35. Rb1 Bd7 36. Ke1 Bf5 37. Rb2 Rc1+ 38. Bd1 Bg4 39. Rd2 Bxd1 40.
Rxd1 Rxd1+ 41. Kxd1 Kf8 42. Kd2 Ke7 43. Kd3 Kd6 44. Kd4 f5 45. f3 g6 46. g4
fxg4 47. fxg4 g5 48. h3 Kc6 49. e4 dxe4 50. Kxe4 Kc5 1/2-1/2

[Event "VI Memorial Nicola Palladino B"]
[Site "Milano ITA"]
[Date "2014.04.21"]
[Round "6"]
[White "Nassiri, Shair"]
[Black "Romagnoli, Thomas"]
[WhiteElo "1512"]
[BlackElo "1732"]
[Result "0-1"]
[PlyCount "80"]
[EventDate "2014.04.17"]

1. d4 Nf6 2. c4 e6 3. Nc3 Bb4 4. Qc2 c5 5. e3 b6 6. Bd2 Bb7 7. a3 Bxc3 8. Bxc3
Ne4 9. Ne2 f5 10. f3 Nf6 11. Rd1 O-O 12. d5 exd5 13. Bxf6 Qxf6 14. cxd5 Qe5 15.
Qd2 Re8 16. Kf2 d6 17. Nc3 Nd7 18. f4 Qe7 19. Bb5 Rac8 20. g3 a6 21. Bxd7 Qxd7
22. Rhe1 Rcd8 23. e4 fxe4 24. Rxe4 Rxe4 25. Nxe4 h6 26. Qd3 Rf8 27. Re1 Qf5 28.
Nxc5 dxc5 29. Qxf5 Rxf5 30. d6 Rd5 31. Re8+ Kh7 32. Rd8 Bc6 33. Ke3 Kg6 34. g4
Rd4 35. f5+ Kf7 36. h3 Re4+ 37. Kd3 Re8 38. Rxe8 Kxe8 39. h4 Kd7 40. Ke3 Kxd6
0-1

[Event "VI Memorial Nicola Palladino B"]
[Site "Milano ITA"]
[Date "2014.04.21"]
[Round "6"]
[White "Pasini, Nicolo'"]
[Black "Fantina, Carla"]
[WhiteElo "1488"]
[BlackElo "1435"]
[Result "1-0"]
[PlyCount "87"]
[EventDate "2014.04.17"]

1. e4 d6 2. d4 Nf6 3. Nc3 g6 4. f4 Bg7 5. Nf3 O-O 6. Bd3 c6 7. f5 b5 8. O-O Qc7
9. h3 a6 10. Be3 e5 11. dxe5 dxe5 12. Qd2 c5 13. fxg6 fxg6 14. Bh6 Nc6 15. Bxg7
Qxg7 16. Nd5 Bb7 17. c4 b4 18. Qg5 Nh5 19. Rf2 Rae8 20. Raf1 Nf4 21. Nxf4 exf4
22. Qxc5 Ne5 23. Nxe5 Rxe5 24. Qxb4 Bxe4 25. Bxe4 Rxe4 26. b3 Qe5 27. Qd2 g5
28. Qc2 Re8 29. c5 Re2 30. Qc4+ Kf8 31. Qxa6 Qxc5 32. b4 Qe5 33. Rxe2 Qxe2 34.
Qf6+ Kg8 35. Qxg5+ Kh8 36. Qxf4 Qxa2 37. Qf7 Qe2 38. Qf6+ Kg8 39. Qb6 Qe5 40.
Qc5 Qe6 41. Qg5+ Kh8 42. Qf6+ Kg8 43. Qxe6+ Rxe6 44. Rb1 1-0

[Event "VI Memorial Nicola Palladino B"]
[Site "Milano ITA"]
[Date "2014.04.21"]
[Round "6"]
[White "Poletto, Daniele"]
[Black "Izzo, Riccardo"]
[WhiteElo "1765"]
[BlackElo "1600"]
[Result "1-0"]
[PlyCount "61"]
[EventDate "2014.04.17"]

1. c4 e5 2. Nc3 Nc6 3. g3 Bc5 4. Bg2 Nge7 5. e3 d6 6. Nge2 O-O 7. O-O Bf5 8. d4
exd4 9. Nxd4 Bd7 10. h3 Qc8 11. Kh2 Ne5 12. b3 Bb4 13. Bb2 Bc6 14. Nxc6 N7xc6
15. a3 Bc5 16. Ne4 Bb6 17. Qh5 Qe6 18. Ng5 Qg6 19. Qxg6 fxg6 20. Bd5+ Kh8 21.
Bxe5 Nxe5 22. f4 Bxe3 23. Ne6 Nc6 24. Nxf8 Rxf8 25. Bxc6 bxc6 26. Rae1 Bb6 27.
b4 h6 28. a4 c5 29. a5 cxb4 30. axb6 cxb6 31. Re7 1-0